Science Quiz

Random Science or Animal Quiz
Score 0/20 Timer 10:00
3 Plays Today
% Correct
Lemur (Ring-tailed lemur)
98.3%
Ape (Gorilla)
91.6%
Lemur (Sifaka)
90.8%
Ape (Orangutan)
90.8%
Ape (Chimpanzee)
87%
Lemur (Red ruffed lemur)
86.8%
Lemur (Aye-aye)
85.6%
Lemur (Mongoose lemur)
85.4%
Monkey (Golden lion tamarin)
83.3%
Monkey (Goeldi's marmoset)
82.6%
% Correct
Monkey (Titi)
82%
Monkey (Javan lutung)
81.6%
Monkey (Squirrel monkey)
79.7%
Monkey (Lion-tailed macaque)
77.5%
Ape (Siamang)
76%
Monkey (Pygmy marmoset)
72.3%
Monkey (Red-tailed monkey)
71.7%
Monkey (Black-headed spider monkey)
71.6%
Monkey (Mandrill)
57.1%
Ape (Müller's Bornean gibbon)
31.1%
Remove Ads.
Support Sporcle.
Get the best of Sporcle when you Go Orange. This ad-free experience offers more features, more stats, and more fun while also helping to support Sporcle. Thank you for becoming a member.

You're not logged in!

Compare scores with friends on all Sporcle quizzes.
OR
Log In

Show Comments

Extras

Top Quizzes Today


Score Distribution

Your Account Isn't Verified!

In order to create a playlist on Sporcle, you need to verify the email address you used during registration. Go to your Sporcle Settings to finish the process.

Report this User

Report this user for behavior that violates our Community Guidelines.

Details: